| 000 | 00384nam a2200133Ia 4500 | ||
|---|---|---|---|
| 003 | GCL | ||
| 008 | 140319s9999 xx 000 0 ara d | ||
| 040 |
_aGCL / _cGCL |
||
| 082 | 0 | 4 |
_a3460.2 _bع ت |
| 245 | 1 | 0 | _aالتفويض فى القانون العام |
| 260 |
_a[S.N] : _bلجنة الاعلام والدراسات المستقبلية ، _c1989 |
||
| 300 | _a182 ص | ||
| 490 | _a | ||
| 999 |
_c54938 _d54938 |
||